00411nam a2200145Ia 4500008004100000020001500041041001200056082002100068100001900089245005500108250001200163260002700175300001400202650004900216231217s9999 xx 000 0 und d a8131413632 aEnglish a363.34 SAB;1 R aSabitha, A ed. 0aDisaster management : legal and policy perceptions a1st ed. c2007bIcfaiaHyderabad aviii, 295 aDisaster,management,legal,policy,perceptions